01017nam a2200217 i 4500001000700000003000900007005001700016007000300033008004100036080001600077100005200093245012500145250001500270260003200285300003100317500002300348505025800371852003100629999001900660952012000679146985ES-MaACL20240524062959.0t|070920s1957 sp ||||1| spa d a891.7-3"18"1 aTurguenev, Ivan Sergueevich,d1818-1883913341610aObras escogidas / cIvan Serguievich Turgueniev ; versión directa del ruso, prólogo y notas de R. Cansinos Asséns. a[2ª ed.]. aMadrid : bAguilar, c1957. a1394 p. : bil. ; c14 cm. aRetrato del autor.8 aContiene: Prólogo. [Iván S. Turgueniev (1818-1883) por R. Cansinos Asséns]. -- Rudin. Novela.-- Nido de nobles. Novela.-- Padres e hijos. Novela.-- Aguas de Primavera. Novela.-- Memorias de un cazador.-- Un mes en la aldea. Comedia en cinco actos. aES-MaACLjC-8077 bR.40763 c146985d146985 00104070aATENEOMbATENEOMcSPALd2008-01-17eSCl0oC-8077p1153398r2023-02-23 00:00:00w2023-02-23yMONOGRAFIA